000 01261nam a22002777a 4500
003 BD-DhSAU
005 20220911111537.0
008 171109b2021 bg ad||| |||| 001 0 eng d
040 _aBD-DhSAU
082 _222
_a338.1
_bEs33
100 _aEsha, Mostarina Parvin
_eRegistration # 19-10096
245 _aConsumer perceptions and purchasing behavior toward processed food products in some selected areas of Dhaka district in Bangladesh /
_bMS thesis
_cMostarina Parvin Esha
260 _aSher-e-Bangla Agricultural University :
_bDepartment of Agribusiness and Marketing,
_cJune, 2021
300 _ax, 74 p. :
_bill. , chart ;
_c30 cm.
500 _aMS thesis of Department of Agribusiness and Marketing, Faculty of Agribusiness Management, Sher-e-Bangla Agricultural University, Dhaka, Bangladesh
504 _aIncludes bibliographical reference.
590 _aKobir
650 _aAgribusiness and Marketing
650 _aConsumer perception
650 _aPurchasing behavior
650 _aProcessed food production
_zDhaka, Bangladesh
700 _aAnny, Sauda Afrin
_eSupervisor
700 _aDewan, Bisakha
_eCo-Supervisor
856 _uhttp://archive.saulibrary.edu.bd:8080/xmlui/handle/123456789/4150
_yOnline Access
942 _2ddc
_cTHESIS
999 _c16001
_d16000